Flood Escape 2 Maps - Statistics

General Stats
  • This quiz has been taken 4 times
  • The average score is 27 of 202
Answer Stats
Difficulty Map % Correct
Insane Dark Sci-Facility
100%
Easy Axiom
75%
Hard Dark Sci-Forest
75%
Insane Familiar Ruins
75%
Easy Forsaken Era
75%
Hard Lava Tower
75%
Crazy Poisonous Chasm
75%
Crazy+ Rustic Jungle
75%
Insane Sinking Ship
75%
Insane Abandoned Facility
50%
Insane Beneath the Ruins
50%
Crazy Blue Moon
50%
Easy Castle Tides
50%
Crazy CASTLE TIDES!!!
50%
Normal Cave System
50%
Crazy+ Central Mass Array
50%
Crazy Decaying Silo
50%
Crazy+ Distorted Ignis Dimension
50%
Insane Fallen
50%
Hard Fallen(Classic)
50%
Normal Forgotten Tombs
50%
Insane Gloomy Manor
50%
Insane Lilac Valley
50%
Easy Lost Woods
50%
Normal Northern Mill
50%
Hard Poisonous Forest
50%
Easy Poisonous Valley
50%
Hard Snowy Peaks
50%
Hard Sunken Citadel
50%
Easy Zemblanity
50%
Crazy Active Volcanic Mines
25%
Easy Archipelago
25%
Hard Arctic Grotto
25%
Insane Beep Block Station
25%
Crazy Casino of Envy
25%
Normal Construction Thrill
25%
Hard Crystal Caverns
25%
Normal Decrepit Seas
25%
Crazy+ Desert Ruins
25%
Easy Eerie Peaks
25%
Insane Eerie Spires
25%
Crazy End of the Line
25%
Normal Flood Island
25%
Crazy Ignis Peaks
25%
Normal Infiltration
25%
Insane Insular Solstice
25%
Crazy Lighthouse
25%
Crazy+ Lost City of Gold
25%
Insane Lost Desert
25%
Insane Magmatic Mines
25%
Easy Marred Dreams
25%
Crazy+ Minds of Misery
25%
Crazy Mirage Saloon
25%
Normal Mysterium
25%
Crazy+ Nuclear Blizzard
25%
Hard Onama Views
25%
Normal Oriental Grove
25%
Crazy Sandswept Ruins
25%
Insane Sanguineous Luna
25%
Insane Satomi Springs
25%
Hard Sedimentary Temple
25%
Normal Sky Sanctuary
25%
Crazy Snowy Stronghold
25%
Hard Toxic Woods
25%
Insane Underworld Grove
25%
Crazy+ Whirlwind Wasteland
25%
Crazy+ Wildwood Waterways
25%
Normal Abandoned Cemetery
0%
Crazy+ Abandoned Harbour
0%
Crazy+ Abandoned Junkyard
0%
Crazy Abyssal Remnants
0%
Normal Abyssal Tempest
0%
Insane Amphibious Billow
0%
Hard Autumn Fields
0%
Hard Autumn Hideaway
0%
Easy Bathroom Leak
0%
Normal Blooming Lagoon
0%
Hard Boreal Isle
0%
Easy Buried Oasis
0%
Easy Cadaver Creek
0%
Crazy Calamity Kingdom
0%
Hard Cascade Rift
0%
Crazy Chaoz Japan
0%
Normal Classic Canyon
0%
Crazy+ Clogged Toilet 🚽👍
0%
Easy Closing Hours
0%
Easy Cloudy Skylands
0%
Hard Club Quarry
0%
Normal Colouring Book
0%
Crazy Concrete Jungle
0%
Easy Crawling Caverns
0%
Normal Cursed Jungle
0%
Crazy Cyberpunk District
0%
Crazy Deserted District
0%
Normal Deserted Frontier
0%
Crazy Desolate Domain
0%
Easy Dormant Vale
0%
Insane Dreamscape Skylines
0%
Normal Ducky Hills
0%
Crazy Duskland Enigma
0%
Easy Electric Heights
0%
Insane Envisioned Order
0%
Crazy Eye of the Storm
0%
Crazy+ Fabric Thrill
0%
Easy Factory Center
0%
Normal Fall Equinox
0%
Crazy Firewatch
0%
Hard Flood Game
0%
Easy Footlight Lane
0%
Crazy Forest Facility
0%
Hard Forlorn Christmas
0%
Crazy+ Forsaken Foundry
0%
Normal Frostbite Coastline
0%
Insane Frozen Settlement
0%
Normal Gallery of Illusion
0%
Easy Gallery of Wonders
0%
Insane Glacial Warfare
0%
Easy Golden Passage
0%
Hard Graveyard Cliffside
0%
Crazy+ Grumbling Mineshafts
0%
Insane Hallowed Vestige
0%
Hard Hanami Highlands
0%
Normal Harvest Falls
0%
Normal Heights Island
0%
Normal Hovering Enclaves
0%
Easy Icy Spires
0%
Hard Interstice Mindscape
0%
Insane Irradiating Alpines
0%
Hard Jungle Exploration
0%
Insane Kozui Peak
0%
Crazy Liminal Fruticore
0%
Crazy+ Luminance
0%
Hard Luminous Reservoir
0%
Normal Maltaris Valley
0%
Hard Marigold Meadows
0%
Crazy Mars Stations
0%
Normal Mayan Remnants
0%
Easy Moonlight Forest
0%
Insane Mossy Shrine
0%
Normal Mystical Moonsprings
0%
Easy Mystic Fortress
0%
Crazy Nightmare Castle
0%
Normal Nimble Valley
0%
Normal Northern Workshop
0%
Hard Oceanic Odyssey
0%
Hard Oil Outpost
0%
Hard Orbital Overlook
0%
Easy Outlier of a CoppiceCarcass
0%
Easy Pascha Equinox
0%
Easy Polar Industry
0%
Crazy Pursuit
0%
Hard Relic Valley
0%
Easy Retro Coast
0%
Insane Runic Maze
0%
Easy Sakura Falls
0%
Normal Sandbox Scamper
0%
Easy Sandstorm Dunes
0%
Hard Sapphire Falls
0%
Easy Shimmering Delta
0%
Insane Shroomhaven Temple
0%
Insane Sinister Labyrinth
0%
Hard Skywork Armada
0%
Insane Skywork Falls
0%
Crazy Smoldering Fractured Realm
0%
Easy Snowscape Odyssey
0%
Normal Snowswept Gully
0%
Hard Snowy Frost
0%
Crazy Spectral Hideaway
0%
Crazy Spider Dungeon
0%
Crazy+ Splendid China Wall
0%
Hard Spring Valley
0%
Insane Starry Fields
0%
Insane Starstruck Palace
0%
Insane Steam Palaces
0%
Hard Steampunk Clockworks
0%
Hard Strawberry Springs
0%
Crazy Submerging Coastland
0%
Crazy+ Sub-Zerosphere
0%
Hard Sugary Springs
0%
Normal Sulphurous Sea
0%
Insane Summit
0%
Easy Sunlit Visas
0%
Normal Sunset Fairway
0%
Hard Surreal Scene
0%
Hard The Fury of Boreas
0%
Insane The Judgement of Hephaestus
0%
Crazy The Malfunction of Time
0%
Hard Thieves Refuge
0%
Easy Thunderous Shoreline
0%
Hard Toybox Trouble
0%
Insane Twilight Athenaeum
0%
Crazy Undersea Facility
0%
Crazy Underworld Castle
0%
Normal Unyielding Dusk
0%
Crazy+ Venomous Vistas
0%
Crazy Virulent Junkyard
0%
Insane Wasteland Junction
0%
Hard Wild Savannah
0%
Normal Wild Skatepark
0%
Hard Windswept Valley
0%
Easy Wintertide Haven
0%
Normal Year of the Flood
0%
No matching quizzes found
Score Distribution
Percent of People with Each Score
Percentile by Number Answered
Your Score History
You have not taken this quiz